header

Sensing the city through television (Record no. 25760)

MARC details
000 -LEADER
fixed length control field 01619nam a2200337 a 4500
082 04 - DEWEY DECIMAL CLASSIFICATION NUMBER
Classification number 791.45/621732
100 1# - MAIN ENTRY--AUTHOR NAME
Personal name Billingham, Peter,
245 10 - TITLE STATEMENT
Title Sensing the city through television
260 ## - PUBLICATION, DISTRIBUTION, ETC. (IMPRINT)
Place of publication Bristol, UK ; Portland, OR :
Name of publisher Intellect,
Year of publication 2000.
300 ## - PHYSICAL DESCRIPTION
Number of Pages iv, 187 p.
505 0# - FORMATTED CONTENTS NOTE
Formatted contents note Sensing the city : navigating a journey -- Policing the imagination : Tony Garnett's The cops -- The city as a site of redemptive struggle : Tony Marchant's Holding on -- The fabled city : The San Francisco of Armistead Maupin's Tales of the city -- A Manchester heterotopia? : Queer as folk -- Homicide, life on the street.
650 #0 - SUBJECT ADDED ENTRY--TOPICAL TERM
Topical Term Television programs
Topical Term Television programs
Topical Term Cities and towns on television.
856 40 - ELECTRONIC LOCATION AND ACCESS
Uniform Resource Identifier http://site.ebrary.com/lib/rucke/Doc?id=10015834

No items available.

© 2026 Rongo University
Contact us: librarian | system librarian | Rongo university